Skillet Songs 3 - Statistics

General Stats
  • This quiz has been taken 79 times
  • The average score is 4 of 8
Answer Stats
Hint Answer % Correct
I'm at war with the world and they, Try to pull me into the dark. Awake and Alive
91%
Oh how I adore you, Oh how I thirst for you. Comatose
75%
This is how it feels when you're bent and broken, This is how it feels when your dignity's stolen. Not Gonna Die
58%
You're all that I need, Just tell me that you still believe. Believe
52%
In the midst of the most painful of faces, Angels show up in the strangest of places. Looking For Angels
42%
Every brick and every stone of the world we've made will come undone if I, If I can't feel you here with me. Fire and Fury
30%
This is not the way that I thought I would turn out to be, Tried to give but all that I got was more insanity. Madness in Me
30%
I'm everything you wanted, I'm everything inside. Savior
20%
No matching quizzes found
Score Distribution
Percent of People with Each Score
Percentile by Number Answered
Your Score History
You have not taken this quiz